Statistics for Musical Terms #2

Click here to take the quiz!

General Stats

  • This quiz has been taken 30 times
  • The average score is 8 of 17

Answer Stats

DescriptionTerm% Correct
Very loudFortissimo ff
92%
Very softPianissimo pp
92%
In a singing styleCantabile
69%
A little, slightlyPoco
69%
Lively, spiritedVivace
58%
AlwaysSempre
54%
SustainedSostenuto
54%
MajesticMaestoso
50%
VeryMolto
46%
WithoutSenza
42%
BroadlyLargo
38%
Slower ('less movement')Meno mosso
35%
Quicker ('more movement')Più mosso
35%
Moderately quicklyAllegretto
31%
Moderately short and detachedMezzo staccato
19%
LightlyLeggiero
12%
Becoming broaderAllargando
8%

Score Distribution

Percentile by Number Answered

Percent of People with Each Score

Your Score History

You have not taken this quiz